Chitre Rangawa Pranyachi (Record no. 241138)

MARC details
000 -LEADER
fixed length control field 00315pam a2200133 a 4500
020 ## - INTERNATIONAL STANDARD BOOK NUMBER
Terms of availability
041 ## - LANGUAGE CODE
Language code of original
082 ## - DEWEY DECIMAL CLASSIFICATION NUMBER
Classification number 743.6
Item number DES
100 ## - MAIN ENTRY--PERSONAL NAME
Personal name Milind Paranjpe.
245 ## - TITLE STATEMENT
Title Chitre Rangawa Pranyachi
Medium Textual Documents
260 ## - PUBLICATION, DISTRIBUTION, ETC.
Place of publication, distribution, etc. [s.l]:
Name of publisher, distributor, etc. Jyotsna Prakashan Pune,
Date of publication, distribution, etc. 2014.
300 ## - PHYSICAL DESCRIPTION
Extent 15:
Other physical details paper.
930 ## - EQUIVALENCE OR CROSS-REFERENCE-UNIFORM TITLE HEADING [LOCAL, CANADA]
Uniform title 7348
Holdings
Withdrawn status Lost status Damaged status Not for loan Collection Home library Current library Date acquired Source of acquisition Cost, normal purchase price Total Checkouts Full call number Barcode Date last seen Copy number Price effective from Koha item type Date due Date last checked out
          College of Fine Arts, Pune College of Fine Arts, Pune 12/12/2015 Bhararti Sahakari Grahak Bhandar 25.00   743.6 DES FAP-7896 07/03/2023 2 07/03/2023 Book    
          College of Fine Arts, Pune College of Fine Arts, Pune 12/12/2015 Bhararti Sahakari Grahak Bhandar 25.00 1 743.6 DES FAP-7895 27/06/2024 1 07/03/2023 Book 27/07/2024 27/06/2024